La autonoma̕ universitaria Un reconocimiento constitucional entre la aplicacin̤ prc̀tica y la configuracin̤ legislativa /

Bibliographic Details
Main Author: Gavara de Cara, Juan Carlos
Format: eBook
Language:Spanish
Published: Barcelona: J.M. Bosch Editor, 2018
Subjects:
Online Access:Acceso restringido

MARC

LEADER 00000nam a22000007a 4500
005 20190407154137.0
007 cr|||| ||||
008 190407s2018 es |||||s|||| 00||0 spa d
020 |a 978-84-948453-4-5 
035 |a 23054 
040 |a vLex 
090 |c 8574  |d 8574 
100 1 |a Gavara de Cara, Juan Carlos 
245 1 2 |a La autonoma̕ universitaria  |h [Recurso electrn̤ico] :  |b Un reconocimiento constitucional entre la aplicacin̤ prc̀tica y la configuracin̤ legislativa /  |c Juan Carlos Gavara de Cara 
256 |a Servicio en ln̕ea 
260 |a Barcelona:  |b J.M. Bosch Editor,  |c 2018 
300 |a 1 recurso electrn̤ico 
500 |a La autonoma̕ universitaria es acadm̌ica, cientf̕ica, organizativa, financiera, contable para articular unas Universidades dotadas de personalidad jurd̕ica con su propio ordenamiento constituido por los Estatutos y sus reglamentos y protocolos de actuacin̤. El Estatuto de la Universidad constituye la manifestacin̤ ms̀ importante de la autonoma̕ universitaria, ya que se regula la propia organizacin̤ y actividad y son objeto de deliberacin̤ por el claustro universitario formado por componentes de los diversos grupos que constituyen la comunidad universitaria, convirtiňdose en la fuente primaria de la autonoma̕ normativa de cada Universidad. En el presente trabajo se ha analizado el recorrido jurisprudencial y comparado de este instituto para determinar las posibilidades actuales de su interpretacin̤. En nuestro caso, la autonoma̕ universitaria seguramente se ha convertido en un mito, una adoracin̤ que ha permitido su concrecin̤ como un derecho fundamental, con un amplio contenido hipotťico, pero con pocas concreciones, limitando su titularidad a un sujeto colectivo, la comunidad universitaria, sin recorrido para los integrantes de dicha comunidad, pero que sufren los posibles excesos ter̤icos de un reconocimiento constitucional sin un contenido preciso y especf̕ico. 
506 1 |a Disponible solo en los productos indicados  |d vLex Global  |d vLex Global (Academic Edition, excluding Law Schools)  |d vLex Global (U.S. Academic Edition, Law Schools)  |d vLex Global (U.S. Academic Edition, excluding Law Schools)  |d vLex Global (Academic Edition, Law Schools) 
650 0 4 |a Derecho Constitucional  |z Espaą 
740 0 |a vLex Libros (Servicio en ln̕ea) 
856 4 0 |u http://vlex.com/source/autonomia-universitaria-un-reconocimiento-constitucional-entre-la-aplicacion-practica-y-la-configuracion-legislativa-23054  |z Acceso restringido 
942 |c BOOK 
999 0 |a Constitutional right